| 000 | 01005nam0a22002651 4500 | ||
|---|---|---|---|
| 001 | rc\1088492 | ||
| 005 | 20250622142356.0 | ||
| 035 | _a(NLR Aleph) 006335715 | ||
| 090 |
_a7591849 _c7591849 |
||
| 100 | _a20041126d1983 |||y0rusy50 ca | ||
| 101 | 0 | _arus | |
| 102 | _aRU | ||
| 105 | _ay ||||||||| | ||
| 200 | 1 | _aМетод векторных функций Ляпунова в анализе динамических свойств нелинейных дифференциальных уравнений | |
| 210 |
_aИркутск _cБ. и. _d1983 |
||
| 215 |
_a34 с. _d20 |
||
| 225 | 1 |
_aПрепринт _fАН СССР. Сиб. отд-ние. Иркут. ВЦ _v1 |
|
| 320 | _aБиблиогр.: с. 24-33 (167 назв.) | ||
| 700 | 1 |
_4070 _7ca _8rus _aМатросов _bВ. М. _f1932-2011 _gВладимир Мефодьевич _9241612 _3RU\NLR\AUTH\770241668 |
|
| 801 | 0 |
_aRU _bNLR _gpsbo |
|
| 801 | 1 |
_aRU _bELAR _2rusmarc |
|
| 852 |
_aNLR _j84-4/22044 |
||
| 942 | _cBOOK | ||
| 980 | _aNB | ||